00467nam a22001457a 450000500170000000800410001704100130005808200140007110000460008524500660013125000200019726000470021730000310026465000260029520231114143525.0231114b |||||||| |||| 00| 0 eng d aEnglish  a344.5 LAN aLansdown, CWH and Broeksma, AH lEnglish  aThe South African Liquor Law / cCWH Lansdown and AH Broeksma aFourth Edition  aCape Town : bJuta and Company Ltd, c1955 blvi, 700 pages ; c26 cm.  aLegal practice bLaw